000 00881nam a22003130a 4500
001 PT32864
003 AR-LpoUNG
005 20210131230036.0
008 191001s2003||||mx |||||||||||||||||spa d
020 _a9789702205838
_c$17.70
040 _aAR-LpoUNG
_bspa
_cAR-LpoUNG
_eaacr
041 _aspa
_apor
044 _amx
082 0 _aR469 332dic
245 1 0 _aDiccionario pocket :
_bespañol portugués, portugués español
250 _a7ma. ed.
260 _aMéxico, D. F. :
_bLarousse,
_c2003.
300 _a376 p. :
_bmapas
650 4 _aDICCIONARIOS
650 4 _aLENGUA ESPAÑOLA
650 4 _aLENGUA PORTUGUESA
650 4 _aMATERIAL DE REFERENCIA
651 4 _aDOCUMENTOS TEORICOS O METODOLOGICOS
653 _aDICCIONARIOS BILINGÜES
653 _aDICCIONARIOS DE PORTUGUES
710 2 _aLarousse (firma comercial)
905 _a32864
942 _cLSALA
999 _c1045
_d1045